000 00629nam a2200193Ia 4500
008 151121s9999||||xx |||||||||||||| ||und||
082 _a817 /भुर्के
082 _bHNW-76628
100 _aभुर्के श्याम
245 _aबँकेत शेखर सुमन
260 _b"सन प्रकाशन, पुणे।"
260 _c--
300 _a93
600 _aभुर्के श्याम
630 _aबँकेत शेखर सुमन
700 _aभुर्के श्याम
730 _aबँकेत शेखर सुमन
942 _cBOOK
999 _c1258051
_d1258048